| 000 | 00709nam a2200217Ia 4500 | ||
|---|---|---|---|
| 003 | GCL | ||
| 008 | 140319s9999 xx 000 0 ara d | ||
| 040 |
_aGCL / _cGCL |
||
| 082 | 0 | 4 |
_a221.42 _bع ق |
| 100 | 1 | _aعبدالله يوسف على | |
| 245 | 1 | 0 |
_aترجمة معانى القران الى اللغة الانجليزية THE HOLY QUR'AN / _cعبدالله يوسف على |
| 260 |
_a[S.N] : _bدار العربية للطباعة والنشر والتوزيع |
||
| 300 | _a1813 ص | ||
| 490 | _a | ||
| 650 | 0 | 4 | _aالاسلام |
| 650 | 0 | 4 | _aاللغة العربية |
| 650 | 0 | 4 | _aالترجمة |
| 650 | 0 | 4 | _aاللغة الانجليزية |
| 650 | 0 | 4 | _aالقران |
| 942 |
_2ddc _cBK |
||
| 999 |
_c34623 _d34623 |
||